NPR news special coverage

Bibliographic Details
Format: Electronic Newspaper
Language:English
Published: Washington, District of Columbia : National Public Radio
Subjects:
Online Access:Full text available from Research Library: 08/05/2000 to 11/02/2010

MARC

LEADER 00000nas a2200000 i 4500
001 ssj0001076706
003 WaSeSS
005 20200512172242.0
006 m d
007 cr n
008 131227u20uuuuuudcuw| n|s|||||| |0eng d
035 |a (WaSeSS)ssj0001076706 
040 |a WaSeSS  |b eng  |c WaSeSS  |d WaSeSS 
050 1 4 |a HE8697.9 
245 0 0 |a NPR news special coverage  |h [electronic resource]. 
246 1 |a National Public Radio news special coverage 
260 |a Washington, District of Columbia :  |b National Public Radio 
310 |a Weekly 
506 |a License restrictions may limit access. 
588 |a Description based on: August 5, 2000; title from article pdf (ProQuest, viewed Dec. 27, 2013). 
588 |a Latest issue consulted: November 2, 2010 (viewed Dec. 27, 2013). 
650 0 |a Public radio  |v Newspapers. 
650 0 |a Current events  |v Newspapers. 
650 0 |a Radio journalism  |v Newspapers. 
650 0 |a News radio stations  |v Newspapers. 
655 0 |a Electronic journals. 
856 4 0 |z Full text available from Research Library: 08/05/2000 to 11/02/2010  |u https://search.proquest.com/publication/43817